000 00929nac a22002531u 4500
008 100908t2006 xxu|||||r|||| 001 0 eng d
010 _a 2005033982
020 _a0071106693
020 _a9780071106696
035 _a(OCoLC)ocm62225026
082 0 0 _a621.3192
_bHAY
_222
100 _aHayt, William Hart,
_918797
245 1 0 _aEngineering Circuit Analysis /
_cWilliam H. Hayt, Jr., Jack E. Kemmerly, Steven M. Durbin.
250 _a7th ed.
260 _aBoston :
_bMcGraw-Hill Higher Education,
_c2006.
300 _axxiii, 856 p. :
_bill. ;
_c26 cm.
500 _aIncludes index.
650 0 _aElectric circuit analysis.
_918798
650 0 _aElectric network analysis.
_918799
700 1 _aKemmerly, Jack E.
_q(Jack Ellsworth),
_d1924-
_918800
700 1 _aDurbin, Steven M.
_918801
856 4 1 _3Table of contents only
_uhttp://www.loc.gov/catdir/toc/ecip064/2005033982.html
942 _cNB
_k621.3192 HAY
_2ddc
999 _c1963
_d1963